1471 1180 1849 1698 1254 1649 1010 1254 1234 1880 1132 1760 1873 1307 1649 1407 1890 1935 1519 1891 1219 1564 1256 1638 1874 1946 1947 1669 1435 1851 1420 1204 1846 1047 1771 1137 1477 1220 1520 1223 1376 1400 1875 1142 1044 1393 1251 1774 1737 1461 1759 1498 1300 1969 1577 1214 1361 1275 1683 1544 1410 1192 1536 1757 1787 1780 1816 1782 1996 1937 1943 1525 1766 1539 1217 1177 1020 1288 1335 1830 1262 1668 1888 1194 1201 1456 1283 1447 1782 1498 1068 1627 1044 1647 1960 1502 1086 1301 1620 BCNSPRNW ULIB Ver.6.0+V

เปลี่ยนเป็นภาษาไทย

Change to English
 แสดงรายละเอียดบรรณานุกรม
  กลับหน้าหลัก

Brief Record : Get Marc (ISO 2709) : E-mail record : QR code < ปิดหน้าต่าง
LEADER : 00000nam 2200000uu 4500
001    13399126142
003     ULIB
008    180612s2016||||th 000 0 tha d
020    ^a9781316503966
050 00 ^aPE1128^bC172^cV.11
245 10 ^aCambridge practice tests for IELTS 11
260    ^aCambridge :^bCambridge University Press,^c2016
300    ^a144 p.:^bill. ;^c25 cm.
650 00 ^aInternational English Language Testing System.
650 00 ^aEnglish language^xExaminations, questions, etc.
650 00 ^aEnglish language^xTextbooks for foreign speakers
945    ^p530^l0^i004238
999    ^aวรรณษา ชูชัยมงคล
รายการนี้ยังไม่มีแท็ก
คุณยังไม่ได้ล็อกอิน คุณสามารถมีกิจกรรมร่วมกับเว็บไซต์ได้ แต่ต้องล็อกอินก่อน ::
  ล็อกอิน

รายการสื่อสารสนเทศ

ลำดับที่ ประเภท เลขเรียก/บาร์โค้ด สถานที่ สถานะ
1. วิทยาศาสตร์การแพทย์ และสุขภาพ
หนังสือสำรอง
สถานะ=หนังสือสำรอง
PE1128 C172 V.11 ฉ.1 
  Barcode: 004238
ห้องสมุดวิทยาเขตสวรรค์ประชารักษ์
►หนังสือทั่วไป
บนชั้น

รายการใกล้เคียง
    ชื่อเรื่อง [Cambridge practice tests for IELTS 11]

    หัวเรื่อง [International English Language Testing System.]

BibComment


ยังไม่เคยถูกคอมเมนท์

คอมเมนท์ทรัพยากรรายการนี้
  คอมเมนท์: Cambridge practi..


 Copyright 2026. Bcnsprnw @Library